Quick Revision Book for Cost and Management Accouting: (Record no. 183665)

MARC details
000 -LEADER
fixed length control field 00728nam a22002057a 4500
005 - DATE AND TIME OF LATEST TRANSACTION
control field 20220121114831.0
010 ## - LCCN (DPL NO)
LC control number ENG-130813
020 ## - INTERNATIONAL STANDARD BOOK NUMBER
International Standard Book Number 978-93-89811-71-1
Terms of availability 1095.00
035 ## - SYSTEM CONTROL NUMBER
System control number EN-114345
037 ## - SOURCE OF ACQUISITION
Source of stock number/acquisition DBAD
082 ## - DEWEY DECIMAL CLASSIFICATION NUMBER
Classification number 657.42
100 ## - MAIN ENTRY--PERSONAL NAME
Personal name Tulsian, PC
245 ## - TITLE STATEMENT
Title Quick Revision Book for Cost and Management Accouting:
Remainder of title For CA Intermediate (New Syallabus)/
Statement of responsibility, etc P C Tulsian, Bharat Tulsian, Tushar Tulsian
260 ## - PUBLICATION, DISTRIBUTION, ETC. (IMPRINT)
Place of publication, distribution, etc Chennai
Name of publisher, distributor, etc McGraw Hill Education Private Limited
Date of publication, distribution, etc 2017
270 ## - ADDRESS
Address 444/1, Sri Ekambara Naicker Industrial Estate, Alapakkam, Porur
City Chennai
Postal code 600116
300 ## - PHYSICAL DESCRIPTION
Extent 332p
Dimensions 25cm(pbk)
700 ## - ADDED ENTRY--PERSONAL NAME
Personal name Tulsian, Bharat
700 ## - ADDED ENTRY--PERSONAL NAME
Personal name Tulsian, Tushar
942 ## - ADDED ENTRY ELEMENTS (KOHA)
Source of classification or shelving scheme Dewey Decimal Classification
Item type English Books
Classification part 657.42
Call number suffix TUL
Holdings
Withdrawn status Lost status Not for loan Collection code Home library Current library Date acquired Source of acquisition Cost, normal purchase price Full call number Barcode Copy number Cost, replacement price Koha item type
      Non-fiction Patel Nagar Patel Nagar 30/12/2021 DBAD/PUB 1095.00 657.42 TUL EN-114345 1 1095.00 English Books

© Delhi Public Library
Hit Counter
free hit counter